000 00917nam a22002657a 4500
005 20140903174921.0
008 130926s2013 xxu frn 001 0 eng
020 _a9780857029737
020 _a9780857029744
040 _aCO-BoUCM
_cAngélica Rojas
_bspa
_dAldemar Mondragón
041 0 0 _aeng
100 1 _aMyers, Michael D.
_946281
245 1 0 _aQualitative research in business and management
_cMichael D. Myers
250 _a2nd ed
260 _aThousand Oaks, CA
_bSAGE Publications
_c2013
263 _a1303
300 _a277 páginas
504 _aIncluye referencias bibliográficas
650 7 _aAdministración
_xInvestigación cualitativa
_944897
650 7 _aAdministración
_xInvestigaciones
_940012
650 7 _aAdministración
_xMétodos
_934091
690 _942736
_aAdministración de empresas
942 _a16
_cLIBRO
_e2
_mM996q
_2DEWEY
_h658.072
999 _c180324
_d180324